Utváření specializace národohospodářského komplexu Československa ve společenství RVHP

Guardado en:
Detalles Bibliográficos
Autor principal: Malý, Bohuslav
Otros Autores: Stránský, František
Formato: Libro
Lenguaje:checo
Publicado: Praha Československá obchodní komora 1976
Etiquetas: Agregar Etiqueta
Sin Etiquetas, Sea el primero en etiquetar este registro!

MARC

LEADER 00000nam a2200000 4500
001 c128313
005 20041019155243.2
041 0 |a cze 
044 |a CZ 
245 1 0 |a Utváření specializace národohospodářského komplexu Československa ve společenství RVHP  |c Bohuslav Malý, František Stránský 
264 1 |a Praha  |b Československá obchodní komora  |c 1976 
300 |a 153 s. 
100 1 |a Malý, Bohuslav 
700 1 |a Stránský, František